|
|
|
|
| LEADER |
01110nab#a2200325#ar4500 |
| 001 |
000072287 |
| 003 |
SVKKK |
| 005 |
20080610132500.0 |
| 008 |
080512d1914 xo |||||||||||||||b|hun |
| FMT |
|
|
|
| 038 |
|
|
|a SVKKK
|
| 040 |
|
|
|a SVKKK
|b slo
|e AACR2
|
| 041 |
0 |
|
|a hun
|
| 044 |
|
|
|a xo
|c SK
|
| 080 |
|
|
|a 630
|2 1997
|
| 100 |
0 |
|
|a Uradalmi erdőhivatal
|4 aut
|
| 242 |
1 |
0 |
|a Oznam o predaji dreva
|c Panský lesný úrad
|y slo
|
| 245 |
1 |
0 |
|a Faeladási hirdetmény
|b a gróf Hadik-Barkóczy-
|c Uradalmi erdőhivatal
|
| 500 |
|
|
|a mikrofilm
|
| 520 |
2 |
|
|a Lesný úrad panstva Hadik-Barkóczy vo Vranove inzeruje predaj ihličnanov v počte 2800 korún. Predaj sa uskutoční vo Vranove 4. februára 1914
|
| 650 |
0 |
4 |
|a úrad lesný (panstvo Hadik-Barkóczy) - stromy ihličnaté (2800 ks) - Vranov - 4.02.1914 - inzeráty
|
| 773 |
0 |
|
|t Homonna és Vidéke
|g Roč. 14, č. 5 (01.02.1914) s. 2
|
| 957 |
|
|
|a Vranov
|
| 958 |
|
|
|a DG
|
| 958 |
|
|
|a SK
|
| 974 |
|
|
|a Ba
|
| 992 |
|
|
|a RBX
|
| 997 |
|
|
|a Hadik-Barkóczy, Endre p. Hadik-Barkóczy, Andrej
|d Varannó p. Vranov p. Vranov nad Topľou
|
| BAS |
|
|
|
| 998 |
|
|
|a RETRO
|